000 00342nam a2200145Ia 4500
008 150301s2013 xx 000 0 und d
082 _a618.92
_bP13C
100 _aCHAKARABARTI, KAMALENDRA
245 _aPEDIATRIC NEUROLOGY
250 _a2ND
260 _bJAYPEE
_aDELHI
_c2013
300 _a504
650 _aPEDIATRICS
942 _2ddc
_cBK
_01
999 _c6551
_d6551